ဝေႃးႁၢၼ်။ (Record no. 24118)

000 -LEADER
fixed length control field 01005nam a22002417a 4500
003 - CONTROL NUMBER IDENTIFIER
control field OSt
005 - DATE AND TIME OF LATEST TRANSACTION
control field 20260122195935.0
008 - FIXED-LENGTH DATA ELEMENTS--GENERAL INFORMATION
fixed length control field 230420b ||||| |||| 00| 0 eng d
040 ## - CATALOGING SOURCE
Transcribing agency Ost
041 ## - LANGUAGE CODE
Language code of text/sound track or separate title Shan
082 ## - DEWEY DECIMAL CLASSIFICATION NUMBER
Classification number 418
245 ## - TITLE STATEMENT
Title ဝေႃးႁၢၼ်။
Remainder of title ၶူဝ်းတွၼ်ႈဝၼ်းတႆး63။
Statement of responsibility, etc. ၼုမ်ႇႁၢႆးႁုၼ်ႈမႂ်ႇ၊ တူင်ႇဝဵင်းမူႇၸေႈ ၶပ်းၶိုင်-
250 ## - EDITION STATEMENT
Edition statement ပွၵ်ႈၵမ်း-2
260 ## - PUBLICATION, DISTRIBUTION, ETC.
Place of publication, distribution, etc. တႃႈၵုင်ႈ
Name of publisher, distributor, etc. မွၵ်ႇၵူႇသွႆႈလႅင်
Date of publication, distribution, etc. 2010
300 ## - PHYSICAL DESCRIPTION
Extent ၶ၊ 65 ၼႃႈ
Dimensions 18 ၸိၼ်ႇထီႇ
500 ## - GENERAL NOTE
General note S-SAT: Dr. Prof Sai Aung Tun
General note ပပ်ႉၸဝ်ႈတႃႇၼႁင်းၶေႃ တွၵ်ႉတိူဝ်ႇၸၢႆးဢွင်ႇထုၼ်း လူႇဝႆႇ
650 ## - SUBJECT ADDED ENTRY--TOPICAL TERM
Topical term or geographic name entry element ဝေႃးႁၢၼ်
942 ## - ADDED ENTRY ELEMENTS (KOHA)
Koha item type Book (Short term)
650 ## - SUBJECT ADDED ENTRY--TOPICAL TERM
9 (RLIN) 23318
Source of classification or shelving scheme
Source of classification or shelving scheme
Source of classification or shelving scheme
Holdings
Withdrawn status Lost status Source of classification or shelving scheme Damaged status Not for loan Collection Code Permanent Location Current Location Shelving location Date acquired Total Checkouts Full call number Barcode Date last seen Copy number Price effective from Koha item type Accession
          Tai Collection Shan State Buddhist University Library Shan State Buddhist University Library Special Collection Shelves 20/04/2023   418 ဝေႃး ႑႗႕႗ S-SAT SH00001757 20/04/2023 1 20/04/2023 Book (Short term) ႑႗႕႗ S-SAT
          Tai Collection Shan State Buddhist University Library Shan State Buddhist University Library Tai Shelves 20/04/2023   418 ဝေႃး ႓႗႒႕ SH00003725 08/07/2024 2 20/04/2023 Books (Long term) ႓႗႒႕

Library - 09407999929
Admin Office - 09407999979
Dean Office - 09250910768
Registrar Office - 09892297154
Email - [email protected]
Shan State Buddhist University, Phaya Phyu Taunggyi, Shan State, Myanmar.